| 000 | 00885cam a22002891 4500 | ||
|---|---|---|---|
| 001 | med47002477 | ||
| 003 | DLC | ||
| 005 | 20260227111606.0 | ||
| 008 | 750822s1947 nyu b 000 0 eng | ||
| 010 | _amed47002477 | ||
| 035 | _a(OCoLC)1562328 | ||
| 040 |
_aDLC _cFM _dOCoLC _dDLC |
||
| 050 | 0 | 0 |
_aRC601 _b.H25 |
| 082 | _a616.8 | ||
| 100 | 1 |
_aHartwell, Samuel Willard, _d1882- |
|
| 245 | 0 | 0 | _aPractical psychiatry and mental hygiene. |
| 250 | _a1st ed. | ||
| 260 |
_aNew York [etc.] _bMcGraw-Hill, _c1947. |
||
| 300 |
_axvi, 439 p. _c24 cm. |
||
| 490 | 0 | _aMcGraw-Hill series in nursing. | |
| 500 | _aIncludes chapter on psychological tests prepared by Charles M. Toy. | ||
| 504 | _aIncludes "References." "General bibliography": p. 401-412. | ||
| 650 | 0 | _aPsychiatry. | |
| 650 | 0 | _aMental health. | |
| 650 | 0 | _aMental health. | |
| 700 | 1 |
_aToy, Charles Mallery, _d1910- |
|
| 999 |
_c38618 _d38618 |
||